| 000 | 00736nam a2200241Ia 4500 | ||
|---|---|---|---|
| 003 | OSt | ||
| 005 | 20221007070917.0 | ||
| 006 | a|||||r|||| 00| 0 | ||
| 007 | ta | ||
| 008 | 221006b |||||||| |||| 00| 0 eng d | ||
| 024 | _a46,295 | ||
| 037 | _cTextual | ||
| 040 |
_aFLL _cFLL _beng |
||
| 041 |
_2eng _aeng |
||
| 082 | _aV44Q7:58(2).N7, Q7 | ||
| 100 |
_aREHMAN Ahfaz UR Au. _9687924 |
||
| 245 | 0 |
_aFreedom of the press _b the war on words(1977-1978) |
|
| 260 |
_aKarachi _bOxford University Press Pakistan _c2017 |
||
| 300 |
_a226p. xxxiv _ccm. |
||
| 700 |
_a PIRACHA Imtiaz Tr. _9687925 |
||
| 942 |
_hV44Q7:58(2).N7, Q7 _cTEXL _2CC |
||
| 999 |
_c1141852 _d1141852 |
||